| 000 | 01086cam a22002773a 4500 | ||
|---|---|---|---|
| 001 | 32763 | ||
| 003 | PGUSA | ||
| 005 | 20140828083717.0 | ||
| 008 | 100610s2010||||xxu|||||s|||||000 1 eng d | ||
| 040 |
_aPGUSA _beng |
||
| 042 | _adc | ||
| 050 | 4 | _aPK | |
| 100 | 1 |
_aTagore, Rabindranath, _d1861-1941 |
|
| 245 | 1 | 0 |
_aDie Nacht der Erfüllung : _bErzählungen _h[electronic resource] / _cRabindranath Tagore |
| 260 |
_bProject Gutenberg, _c2010 |
||
| 505 | 0 | _aDie Nacht der Erfüllung -- Der Sieg -- Maschi -- Das Skelett -- Der Hüter des Erbes -- Die ältere Schwester -- Subha -- Die glückverheißende Schau -- Der Postmeister -- Die Flußtreppe -- Der Ausgestoßene -- Das Kartenkönigreich. | |
| 506 | _aPublic domain in the USA. | ||
| 516 | _aElectronic text | ||
| 653 | _aShort stories, Bengali -- Translations into German | ||
| 653 | _aFiction | ||
| 653 | _aTagore, Rabindranath, 1861-1941 -- Translations into German | ||
| 700 | 1 |
_aMeyer-Franck, Helene, _d1873- |
|
| 830 | 0 |
_aProject Gutenberg _v32763 |
|
| 856 | 4 | 0 | _uhttp://www.gutenberg.org/ebooks/32763 |
| 942 | _cEB | ||
| 999 |
_c262018 _d262018 |
||